000
00227nam a2200097Ia 4500
001
644403
005
20250826153604.0
008
250824s9999 xx 000 0 und d
245
0
_a
UÇAN DALGALAR
_c
MEHMET ATİLLA
260
_b
TUDEM
999
_c
644403
_d
644403